| 000 | 00590nam a22002057a 4500 | ||
|---|---|---|---|
| 005 | 20241126140242.0 | ||
| 008 | 241126b |||||||| |||| 00| 0 eng d | ||
| 020 | _a9792446729 | ||
| 040 |
_aKMU _cKMU _dKMU _erda |
||
| 050 | _aSD 242.M27 | ||
| 100 | _aLowore Janet | ||
| 245 |
_aMiombo woodlands and rural livelihoods in Malawi _b/ _cJanet Lowore |
||
| 260 |
_aIndonesia: _bCentre for International Forestry Research, _c2006. |
||
| 300 |
_a18 p.: _bill.; _c17cm |
||
| 500 | _aInclude references | ||
| 650 | _aWoodlands | ||
| 650 | _aLivelihoods | ||
| 650 | _aMalawi | ||
| 942 |
_2lcc _cBK _n0 |
||
| 999 |
_c1443 _d1443 |
||